| 000 | 01403nam a2200373 i 4500 | ||
|---|---|---|---|
| 001 | 196873 | ||
| 003 | ES-MaREB | ||
| 005 | 20250815004926.0 | ||
| 007 | ta | ||
| 008 | 250114s2023 sp a ||| 000 0 spa c | ||
| 017 | _aM 35375-2023 | ||
| 020 | _a9788412768206 | ||
| 035 | _aES-VlRAB002115833 | ||
| 040 |
_aRABEL _bspa _cES-MaACL |
||
| 080 | _a94(100)"1938" | ||
| 080 | _a94(460)"1936/39" | ||
| 100 | 1 |
_aRubio Herrero, Federico, _d1951- _9176099 _eaut |
|
| 245 | 1 | 0 |
_aCronología mundial durante seis meses inquietantes : _benero-junio de 1938 / _cFederico Rubio Herrero. |
| 250 | _aPrimera edición: diciembre 2023 | ||
| 260 |
_aMadrid : _bLekla Ediciones, _c2023. |
||
| 300 |
_a107 páginas : _bilustrado en blanco y negro ; _c24 cm. |
||
| 336 |
_2rdacontent _atexto |
||
| 337 |
_2rdamedia _asin mediación |
||
| 338 |
_2rdacarrier _avolumen |
||
| 650 | 4 |
_aHistoria contemporánea- _yS.XX _913396 |
|
| 651 | 4 |
_aEspaña- _xHistoria- _y1936-1939, Guerra civil _98292 |
|
| 655 | 0 |
_aCronologías _9239461 |
|
| 852 |
_aES-MaACL _cDEPOJ _jN-10327 _hDonación: Federico Rubio Herrero _xEncuadernación rústica _9206451 |
||
| 903 |
_9176099 _aRubio Herrero, Federico, _d1951- _ednr |
||
| 942 |
_cMONOGRAFIA _n0 |
||
| 999 |
_c196873 _d196873 |
||